Statistics for Biggest Cities in Croatia By Population On The Europe Map

Click here to take the quiz!

General Stats

  • This quiz has been taken 77 times
  • The average score is 7 of 10

Answers on the Map

Answers color-coded by a green-red scale on the quiz's map according to % correct below.
 

Answer Stats

CityPopulation% Correct
Zagreb684,524
100%
Split148,014
95%
Zadar73 439
86%
Rijeka114 621
81%
Osijek78 237
80%
Pula56 348
75%
Karlovac44 687
63%
Varaždin | Warasdin36 407
61%
Sibenik31 749
59%
Slovonski53 531
3%

Score Distribution

Percentile by Number Answered

Percent of People with Each Score

Your Score History

You have not taken this quiz